[Event "Medellin Flores op 30th"]
[Site "Medellin"]
[Date "2023.08.03"]
[Round "1"]
[White "Duran, Yesid Alejandro"]
[Black "Arias Atehortua, Juan Sebastian"]
[Result "1-0"]
[WhiteElo "1698"]
[BlackElo "1597"]
[PlyCount "69"]
[EventDate "2023.08.03"]
[EventType "swiss"]
[EventRounds "9"]
[EventCountry "COL"]
[SourceTitle "EXT 2024"]
[Source "ChessBase"]
[SourceDate "2023.10.10"]
[SourceVersion "1"]
[SourceVersionDate "2023.10.10"]
[SourceQuality "1"]

1. d4 f5 2. Bf4 Nf6 3. Nc3 e6 4. e3 d5 5. f3 Be7 6. h4 Nc6 7. Nb5 Bd6 8. Nxd6+ cxd6 9. Bd3 e5 10. dxe5 dxe5 11. Bg5 h6 12. Bxf6 Qxf6 13. e4 dxe4 14. fxe4 Qg6 15. Qe2 Nd4 16. exf5 Qg3+ 17. Qf2 Qxf2+ 18. Kxf2 Bxf5 19. Bxf5 Nxf5 20. Re1 0-0 21. Rxe5 Nd4+ 22. Kg3 Rf1 23. c3 Nc6 24. Re2 Raf8 25. Kh2 Ra1 26. Nf3 Rxa2 27. Rd1 Rf7 28. Rd5 Kh7 29. h5 a5 30. Nh4 a4 31. Ng6 Rf6 32. Rb5 a3 33. Rxb7 Na5 34. Rb8 Rxg6 35. Ree8 1-0